000 00688nam a2200181Ia 4500
008 140527s9999 xx 000 0 und d
020 _a9789833782338
050 _aDS 688.M2
_b.V87 2007
100 _aKreuzer, Peter
245 _aVoices from Moro land :
_bperspective fromstakeholders and observers on the conflict in the Southern Philippines /
_cedited by Peter Kreuzer and Rainer Werning.
260 _aPetaling Jaya :
_bStrategic Information and Research Development Centre,
_cc2007.
300 _a218 p. :
_bill., maps ;
_c24 cm.
500 _aIncludes bibliographical references.
521 _aGE
650 _aMuslims
_xPhilippines
942 _kFOR
_cBK
999 _c117535
_d117535